| 000 | 01472nmm a2200373 a 4500 | ||
|---|---|---|---|
| 001 | ocm0001232118 | ||
| 003 | TR-IsHL | ||
| 005 | 20201028155942.0 | ||
| 008 | 150709s2014 tu tur | ||
| 007 | cr cn | ||
| 020 | _a9786055176693 | ||
| 035 |
_a1232118 _b(N$T) |
||
| 050 | 0 | 4 |
_aPL137 _b.Ç69 2014 |
| 090 | 0 | 4 |
_aPL137 _b.Ç69 2014 |
| 245 | 1 | 0 |
_aÇözümlemeli Osmanlı Türkçesi metinleri: eski harfli metinler yeni harfli metinler-sözlük _h[electronic resource] / _cyazarlar Mustafa Özkan, Enfel Doğan, Mustafa Uluçay, Fatih Kemik ; editör Mustafa Özkan |
| 250 | _ayenilenmiş 2. baskı | ||
| 260 |
_aKonya : _bEğitim Akademi Yayınevi, _c2014 |
||
| 300 | _a554 p. | ||
| 650 | 4 | _aDil ve Edebiyat | |
| 650 | 4 | _aLanguage and Literature | |
| 650 | 0 |
_aTürk dili _x Metinler _x Osmanlıca |
|
| 650 | 0 |
_aTurkish language _x Texts _x Ottoman |
|
| 650 | 0 |
_aTürk dili _x Yabancı öğeler |
|
| 650 | 0 |
_aTurkish language _x Foreign elements |
|
| 650 | 0 |
_aTürk dili _x Dilbilgisi |
|
| 650 | 0 |
_aTurkish language _x Grammar |
|
| 650 | 0 |
_aTürk dili _x Çalışma ve öğretim |
|
| 650 | 0 |
_aTurkish language _x Study and teaching |
|
| 650 | 0 |
_aTürk dili _x Okuma kitapları |
|
| 650 | 0 |
_aTurkish language _x Readers |
|
| 650 | 7 |
_aLANGUAGE ARTS & DISCIPLINES / Alphabets & Writing Systems _2bisacsh |
|
| 700 | 1 | _aÖzkan, Mustafa | |
| 856 | 4 | 0 | _uhttp://search.ebscohost.com/login.aspx?direct=true&scope=site&db=e011xww&AN=1232118 |
| 999 |
_c13348 _d13348 |
||